1807 1493 1967 1229 1177 1953 1771 1218 1264 1429 1076 1187 1472 1592 1098 1868 1786 1367 1004 1501 1603 1855 1942 1403 1624 1298 1975 1083 1606 1493 1995 1609 1721 1533 1573 1908 1488 1549 1836 1637 1786 1159 1420 1207 1918 1730 1060 1692 1315 1507 1259 1063 1176 1177 1566 1472 1749 1111 1875 1194 1018 1705 1263 1861 1622 1467 1782 1629 1144 1971 1621 1060 1075 1538 1490 1743 1658 1587 1844 1500 1815 1346 1498 1555 1781 1351 1969 1771 1584 1995 1042 1584 1185 1621 1618 1494 1087 1029 1816 BCNSPRNW ULIB Ver.6.0+V

เปลี่ยนเป็นภาษาไทย

Change to English
 แสดงรายละเอียดบรรณานุกรม
  กลับหน้าหลัก

Brief Record : Get Marc (ISO 2709) : E-mail record : QR code < ปิดหน้าต่าง
LEADER : 00000nam 2200000uu 4500
001    13399120996
003     ULIB
008    121030s2552||||th 000 0 tha d
020    9789749557907
099    นว.^bส988ส
100 0  โสภี พรรณราย
245 00 สร้อยสายเพชร^cโสภี พรรณราย
260    กรุงเทพฯ:^bรวมสาน์ส,^c2552
945    ^p0^l0^i028084
999    ^aใช้งานได้ทุกระบบ
รายการนี้ยังไม่มีแท็ก
คุณยังไม่ได้ล็อกอิน คุณสามารถมีกิจกรรมร่วมกับเว็บไซต์ได้ แต่ต้องล็อกอินก่อน ::
  ล็อกอิน

รายการสื่อสารสนเทศ

ลำดับที่ ประเภท เลขเรียก/บาร์โค้ด สถานที่ สถานะ
1. วิทยาศาสตร์การแพทย์ และสุขภาพ
วิทยาศาสตร์การแพทย์ และสุขภาพ
นว. ส988ส  
  Barcode: 028084
ห้องสมุดวิทยาเขตสวรรค์ประชารักษ์
►หนังสือทั่วไป
บนชั้น

รายการใกล้เคียง
    ผู้แต่ง [โสภี พรรณราย]

BibComment


ยังไม่เคยถูกคอมเมนท์

คอมเมนท์ทรัพยากรรายการนี้
  คอมเมนท์: สร้อยสายเพชร โสภี..


 Copyright 2026. Bcnsprnw @Library